000 00722nam a22002657a 4500
001 0000573
003 KOHA_MİRAKIL
005 20260207001214.0
007 ta
008 081212b2001 tu |||gr||||#||||0|tur |
020 _a9754864683
_cYTL21,69
040 _aTR-BiSEU
_btur
_cTR-BiSEU
_erda
041 0 _atur
044 _ctu
050 _aTK146
_b.Y34 2001
100 1 _aYağımlı, Mustafa.
245 1 _aElektroteknik 2/
_cMustafa Yağımlı ; Mustafa Yağımlı, Feyzi Akar.
264 1 _aİstanbul :
_bBeta
_c2001
300 _a483 sayfa
336 _ametin
_btxt
_2rdacontent
337 _aaracısız
_bn
_2rdamedia
338 _acilt
_bnc
_2rdacarrier
650 0 _aElektroteknik.
_92862
942 _2lcc
_cBK
999 _c573
_d573